Statistics for Sidekicks Quiz

Click here to take the quiz!

General Stats

  • This quiz has been taken 76,744 times
    (56,496 since last reset)
  • The average score is 15 of 26

Answer Stats

Sidekick Who They Tagged With % Correct
RobinBatman
98%
Ron WeasleyHarry Potter
94%
LuigiMario
91%
Dr. WatsonSherlock Holmes
85%
DonkeyShrek
82%
ChewbaccaHan Solo
81%
Art GarfunkelPaul Simon
71%
GromitWallace
70%
Little JohnRobin Hood
68%
SpockCaptain Kirk
65%
Barney RubbleFred Flintstone
64%
Patrick StarSpongeBob Squarepants
63%
Samwise GamgeeFrodo Baggins
61%
Mini-MeDr. Evil
61%
OdieGarfield
59%
Boo-BooYogi Bear
59%
TontoLone Ranger
50%
Waylon SmithersMr. Burns
49%
George CostanzaJerry Seinfeld
48%
GooseMaverick
33%
DogbertDilbert
28%
Dwight SchruteMichael Scott
28%
Sancho PanzaDon Quixote
25%
Andy RichterConan O'Brien
23%
Ed McMahonJohnny Carson
22%
Willow RosenbergBuffy Summers
21%

Score Distribution

Percentile by Number Answered

Percent of People with Each Score

Your Score History

You have not taken this quiz since the last reset